Derecho de Gentes sobre una nación considerada en sus relaciones con las otras: Sacado de una obra magistral extrangera y trasladado al castellano por un español guipuzcoano
Guardat en:
| Autor principal: | |
|---|---|
| Format: | Llibre |
| Idioma: | espanyol |
| Publicat: |
Cádiz
Imprenta Tormentaria
1813
|
| Edició: | 1a. ed |
| Matèries: | |
| Etiquetes: |
Afegir etiqueta
Sense etiquetes, Sigues el primer a etiquetar aquest registre!
|
MARC
| LEADER | 00000nam a2200000 a 4500 | ||
|---|---|---|---|
| 001 | UCJ7391 | ||
| 003 | CL-VaPUC | ||
| 008 | 070124e18130000SP |||||||||||||||||spa|d | ||
| 082 | 0 | 4 | |a 340 |b GUI |2 21 |
| 100 | 0 | |a Guipuzcoano |e author |9 515732 | |
| 245 | 1 | 0 | |a Derecho de Gentes sobre una nación considerada en sus relaciones con las otras: Sacado de una obra magistral extrangera y trasladado al castellano por un español guipuzcoano |
| 250 | |a 1a. ed | ||
| 300 | |a 38 p | ||
| 942 | |c BK | ||
| 945 | |d 20070124 00:00:00 |a rinostro | ||
| 260 | |a Cádiz |b Imprenta Tormentaria |c 1813 | ||
| 500 | |a Se encuentra empastado junto a otras monografías en un volumen rotulado Papeles Varios y se ubica en 980 AMA | ||
| 650 | 7 | |a DERECHO INTERNACIONAL PUBLICO |2 CL-VaPUC |9 515733 | |
| 650 | 0 | |a Guerra de la independencia |9 331979 | |
| 651 | 0 | |a Inglaterra |9 255158 | |
| 651 | 0 | |a Francia |9 255157 | |
| 651 | 0 | |a España |9 254926 | |
| 583 | |a last modification |c 20070124 00:00:00 |k Rodrigo Vera | ||
| 999 | |c 323476 |d 323474 | ||
| 952 | |0 0 |1 0 |4 0 |6 340_000000000000000_GUI_1813 |7 0 |8 X |9 403129 |a FDOBUD |b FDOBUD |d 2019-11-22 |i 1063146 |o 340 GUI 1813 |p 1063146 |r 2019-11-22 |w 2019-11-22 |y BK_X |k BUD | ||